|
|
|
|
| LEADER |
01168nam a22003494a 4500 |
| 001 |
28193 |
| 003 |
BD-DhAAL |
| 005 |
20190523115921.0 |
| 008 |
140717s2010 nyua 001 0 eng |
| 999 |
|
|
|c 32865
|d 32865
|
| 010 |
|
|
|a 2010005154
|
| 020 |
|
|
|a 9780470404133 (cloth)
|
| 020 |
|
|
|a 9780470919712 (ebk)
|
| 020 |
|
|
|a 9780470919729 (ebk)
|
| 020 |
|
|
|a 9780470919736 (ebk)
|
| 020 |
|
|
|a 978470949818 (ebk)
|
| 040 |
|
|
|a DLC
|c DLC
|d BD-DhAAL
|
| 050 |
0 |
0 |
|a TJ1370
|b .V476 2010
|
| 082 |
0 |
0 |
|a 621.877
|2 22
|
| 245 |
0 |
4 |
|a The vertical transportation handbook /
|c George R. Strakosch and Robert Caporale, editors.
|
| 250 |
|
|
|a 4th ed.
|
| 260 |
|
|
|a Hoboken, N.J. :
|b John Wiley & Sons,
|c c2010.
|
| 300 |
|
|
|a xiv, 610 p. :
|b ill. ;
|c 25 cm.
|
| 500 |
|
|
|a Includes index.
|
| 526 |
|
|
|a ARC
|
| 541 |
|
|
|e 28193
|
| 650 |
|
0 |
|a Elevators.
|9 5400
|
| 650 |
|
0 |
|a Escalators.
|9 5401
|
| 700 |
1 |
|
|a Strakosch, George R.
|9 5402
|
| 700 |
1 |
|
|a Caporale, Bob.
|9 5403
|
| 942 |
|
|
|2 ddc
|c BK
|
| 952 |
|
|
|0 0
|1 0
|2 ddc
|4 0
|6 621_877000000000000_VER
|7 0
|9 43262
|a BRACUL
|b BRACUL
|c GEN
|d 2014-07-17
|e Karim International
|g 10800.00
|l 1
|m 30
|o 621.877 VER
|p 3010028193
|r 2015-12-10
|s 2015-05-21
|t 1
|w 2014-07-17
|y BK
|